[Event "Cheliabinsk Lozovatsky Memorial-B"]
[Site "Cheliabinsk"]
[Date "2019.01.15"]
[Round "4"]
[White "Tologontegin, Semetey"]
[Black "Ponomariov, Valeriy"]
[Result "1-0"]
[WhiteElo "2385"]
[BlackElo "2378"]
[PlyCount "149"]
[EventDate "2019.01.12"]
[EventType "tourn"]
[EventRounds "9"]
[EventCountry "RUS"]
[EventCategory "4"]
[SourceTitle "CBM 188 Extra"]
[Source "ChessBase"]
[SourceDate "2019.02.26"]
[SourceVersion "1"]
[SourceVersionDate "2019.02.26"]
[SourceQuality "1"]

1. Nf3 d5 2. e3 Nf6 3. c4 e6 4. b3 b6 5. Bb2 Bb7 6. cxd5 exd5 7. d4 Bd6 8. Nbd2 0-0 9. Ne5 a5 10. Be2 Qe7 11. 0-0 Nfd7 12. Nd3 Na6 13. a4 Nb4 14. Nxb4 Bxb4 15. Rc1 Bd6 16. Re1 Nf6 17. Bd3 Ne4 18. Nf1 Rad8 19. f3 Ng5 20. Re2 f5 21. Bc3 Qf6 22. Be1 Kh8 23. Bf2 Ne6 24. Kh1 Qh6 25. Qc2 Qf6 26. Rd1 c5 27. Qb1 cxd4 28. exd4 Nf4 29. Ree1 Rc8 30. Bb5 Bb4 31. Re3 Ng6 32. Be1 Qd6 33. Bxb4 Qxb4 34. Bd7 Rc3 35. Rxc3 Qxc3 36. Bxf5 Nf4 37. Qc2 Qxc2 38. Bxc2 Kg8 39. g3 Ne6 40. Kg2 Ng5 41. Nd2 Re8 42. Bd3 Ne6 43. Bb5 Re7 44. Nf1 Rc7 45. Rd3 Rc2+ 46. Nd2 Nc7 47. Kf2 Bc8 48. Ke1 Nxb5 49. axb5 Bd7 50. Kd1 Rc8 51. Re3 Re8 52. Re5 Rxe5 53. dxe5 Bxb5 54. f4 Bd7 55. Kc2 b5 56. Nf3 Kf7 57. Nd4 g6 58. b4 a4 59. Kc3 Ke7 60. Nc2 Bh3 61. Kd4 Ke6 62. Na3 Bf1 63. Kc5 Bd3 64. Kd4 Bf1 65. Nc2 Bc4 66. Kc3 Bf1 67. g4 Kd7 68. Nd4 Bh3 69. Nxb5 Bxg4 70. Nd4 Kc7 71. b5 Kb6 72. Kb4 Bd7 73. Kxa4 Kc5 74. e6 Be8 75. Ka5 1-0

[Event "Cheliabinsk Lozovatsky Memorial-B"]
[Site "Cheliabinsk"]
[Date "2019.01.14"]
[Round "3"]
[White "Mischuk, Dmitry"]
[Black "Ponomariov, Valeriy"]
[Result "1-0"]
[WhiteElo "2357"]
[BlackElo "2378"]
[PlyCount "67"]
[EventDate "2019.01.12"]
[EventType "tourn"]
[EventRounds "9"]
[EventCountry "RUS"]
[EventCategory "4"]
[SourceTitle "CBM 188 Extra"]
[Source "ChessBase"]
[SourceDate "2019.02.26"]
[SourceVersion "1"]
[SourceVersionDate "2019.02.26"]
[SourceQuality "1"]

1. d4 Nf6 2. c4 e6 3. g3 d5 4. Nf3 Bb4+ 5. Nc3 dxc4 6. Bg2 0-0 7. Ne5 Nd5 8. Bd2 Nb6 9. e3 f6 10. Nf3 Nc6 11. Qc2 e5 12. dxe5 fxe5 13. a3 Be7 14. h3 Bf5 15. Ne4 Qe8 16. Bc3 Nd7 17. Nfd2 Qf7 18. 0-0 Nc5 19. g4 Be6 20. Nxc5 Bxc5 21. Ne4 Be7 22. f4 exf4 23. exf4 Rad8 24. f5 Bd5 25. f6 gxf6 26. Nxf6+ Bxf6 27. Rxf6 Qe8 28. Qf5 Rxf6 29. Qxf6 Qg6 30. Bxd5+ Rxd5 31. Qh8+ Kf7 32. Rf1+ Ke7 33. Qf8+ Kd7 34. Rf7+ 1-0

[Event "Vitebsk op"]
[Site "Vitebsk"]
[Date "2006.12.15"]
[Round "8"]
[White "Ponomariov, Valeriy"]
[Black "Dovgopolov, Aleksandr"]
[Result "1-0"]
[WhiteElo "2353"]
[BlackElo "2377"]
[PlyCount "127"]
[EventDate "2006.12.09"]
[EventType "swiss"]
[EventRounds "9"]
[EventCountry "RUS"]
[SourceTitle "EXT 2008"]
[Source "ChessBase"]
[SourceDate "2007.11.25"]
[SourceVersion "1"]
[SourceVersionDate "2007.11.25"]
[SourceQuality "1"]

1. d4 Nf6 2. Nf3 e6 3. c4 Bb4+ 4. Nbd2 d5 5. Qa4+ Nc6 6. e3 0-0 7. a3 Bxd2+ 8. Bxd2 Ne4 9. Rd1 Nd6 10. Bd3 a6 11. Qc2 Nxc4 12. Bxc4 dxc4 13. Qxc4 f6 14. 0-0 Rf7 15. e4 Ne7 16. Rc1 c6 17. Rfd1 Qe8 18. Bf4 Bd7 19. Qb3 Bc8 20. Bg3 h6 21. h3 Ng6 22. h4 b5 23. Rc5 Bb7 24. Qc2 Nf8 25. Bd6 Nd7 26. Rc3 Rd8 27. Bc5 Rc8 28. b4 Rd8 29. Rcd3 Kh8 30. Qb3 Nf8 31. Qa2 Ng6 32. R3d2 Rfd7 33. Qb2 Nf4 34. g3 Qg6 35. Qc2 Nh5 36. e5 f5 37. Kh2 Qg4 38. Qc3 g5 39. Qe3 f4 40. gxf4 Nxf4 41. Ne1 Qxh4+ 42. Kg1 Rf7 43. f3 Qg3+ 44. Kh1 Nd5 45. Qg1 Qf4 46. Rh2 Kg7 47. Rd3 Qf5 48. Rdd2 Rh8 49. Rdf2 Rh7 50. Qf1 Kh8 51. Qd3 Bc8 52. Bd6 h5 53. Qc2 Bd7 54. Nd3 g4 55. fxg4 Qe4+ 56. Kg1 Qxg4+ 57. Rhg2 Qxd4 58. Bc5 Qe4 59. Qd2 Rxf2 60. Qxf2 Qf5 61. Qxf5 exf5 62. e6 Bxe6 63. Bd4+ Rg7 64. Rxg7 1-0

[Event "Kurgan"]
[Site "Kurgan"]
[Date "2001.??.??"]
[Round "?"]
[White "Ponomariov, Valeriy"]
[Black "Balashov, Yuri S"]
[Result "1/2-1/2"]
[WhiteElo "2326"]
[BlackElo "2555"]
[PlyCount "32"]
[EventDate "2001.??.??"]
[EventType "tourn"]
[EventRounds "11"]
[EventCountry "RUS"]
[EventCategory "7"]
[SourceTitle "EXT 2006"]
[Source "ChessBase"]
[SourceDate "2005.11.24"]
[SourceVersion "1"]
[SourceVersionDate "2005.11.24"]
[SourceQuality "1"]

1. d4 e6 2. c4 Bb4+ 3. Nd2 d5 4. Qa4+ Nc6 5. a3 Be7 6. Ngf3 f5 7. e3 Nf6 8. b4 0-0 9. Bb2 Ne4 10. Qc2 Bd7 11. Bd3 Be8 12. 0-0 Bh5 13. b5 Na5 14. a4 Bf6 15. c5 g5 16. Nb1 Bg6 1/2-1/2

[Event "RUS-ch sf"]
[Site "Orsk"]
[Date "2000.??.??"]
[Round "9"]
[White "Ponomariov, Valeriy"]
[Black "Konnov, Oleg"]
[Result "1-0"]
[WhiteElo "2334"]
[BlackElo "2340"]
[PlyCount "77"]
[EventDate "2000.??.??"]
[EventType "swiss"]
[EventRounds "11"]
[EventCountry "RUS"]
[SourceTitle "EXT 2001"]
[Source "ChessBase"]
[SourceDate "2000.11.22"]
[SourceVersion "1"]
[SourceVersionDate "2000.11.22"]
[SourceQuality "1"]

1. d4 d5 2. c4 e6 3. Nf3 c6 4. Nbd2 Nf6 5. e3 Nbd7 6. Bd3 Bd6 7. 0-0 0-0 8. e4 dxe4 9. Nxe4 Nxe4 10. Bxe4 h6 11. Bc2 e5 12. Re1 exd4 13. Qxd4 Bc5 14. Qc3 a5 15. a3 Nf6 16. Bf4 Bg4 17. Be5 Re8 18. Rad1 Qb6 19. Rd2 Re6 20. h3 Bxf3 21. gxf3 Rae8 22. f4 Nh7 23. Red1 f6 24. Qd3 Nf8 25. Bc3 Re3 26. Qf5 Re2 27. Kf1 Rxf2+ 28. Rxf2 Bxf2 29. Qg4 Kh8 30. Qf3 Bc5 31. Qh5 Bg1 32. Bd4 Bxd4 33. Qxe8 Bc5 34. Rd8 Kg8 35. Rd7 Kh8 36. Rf7 Kg8 37. Bg6 Qxb2 38. Rxf8+ Bxf8 39. Qf7+ 1-0